Entry Personal Name
Number of records used in: 2
001 - CONTROL NUMBER
003 - CONTROL NUMBER IDENTIFIER
005 - DATE AND TIME OF LATEST TRANSACTION
- control field:
20240202155403.0
008 - FIXED-LENGTH DATA ELEMENTS
- fixed length control field:
920106n| azannaabn |n aaa
010 ## - LIBRARY OF CONGRESS CONTROL NUMBER
- LC control number:
n 92001190
- Canceled/invalid LC control number:
n 2009012722
035 ## - SYSTEM CONTROL NUMBER
- System control number:
(OCoLC)oca03085370
040 ## - CATALOGING SOURCE
- Original cataloging agency:
DLC
- Language of cataloging:
eng
- Description conventions:
rda
- Transcribing agency:
DLC
- Modifying agency:
DLC
- Modifying agency:
ICrlF
046 ## - SPECIAL CODED DATES
- Birth date:
1951-05-29
- Source of date scheme:
edtf
100 1# - HEADING--PERSONAL NAME
- Personal name:
Tibballs, Geoff
374 ## - OCCUPATION
- Occupation:
Journalists
- Occupation:
Authors
- Source of term:
lcsh
375 ## - GENDER
- Gender:
Males
- Source of term:
lcdgt
377 ## - ASSOCIATED LANGUAGE
670 ## - SOURCE DATA FOUND
- Source citation:
Kingsley, H. Box of delights, 1990:
- Information found:
t.p. (Geoff Tibballs) prelim. p. (worked at Central Television, currently freelance journalist)
670 ## - SOURCE DATA FOUND
- Source citation:
Rigelsford, A. Are you being served? c1995:
- Information found:
CIP t.p. (Geoff Tibballs) data sheet (b. May 29, 1951)
670 ## - SOURCE DATA FOUND
- Source citation:
Ripley's believe it or not!, c2009:
- Information found:
ECIP t.p. (Geoff Tibbals) book t.p. verso (Geoff Tibballs)